000 00665nam a2200253Ia 4500
005 20250425161956.0
008 250425s9999 xx 000 0 und d
041 _aspa
043 _aec
082 _a332.64
100 _aBOLSA DE VALORES, DE GUAYAQUIL
245 0 _aCAPITAL BASE DE DATOS FINANCIERA ECUATORIANA
250 _aS.E.
260 _aEcuador
_bBOLSA DE VALORES DE GUAYAQUIL
_c2001
260 _aGUAYAQUIL
300 _a151
650 _aBOLSA DE VALORES-INVERSIONES
650 _aEMPRESAS
650 _aESTADOS FINANCIEROS
650 _aMERCADO DE VALORES
710 _aBOLSA DE VALORES DE GUAYAQUIL
942 _c01
010 _a38261
999 _c219955
_d219955